Štúdium parciálnej oxidácie metánu v plynnej fáze

Enregistré dans:
Détails bibliographiques
Auteur principal: Mihálik, Michal
Format: Livre
Langue:slovaque
Publié: Bratislava STU FCHPT 2008
Accès en ligne:Voir à l'OPAC
Tags: Ajouter un tag
Pas de tags, Soyez le premier à ajouter un tag!

MARC

LEADER 00000nam a2200000 a 4500
005 20260127134102.0
008 080818 2008 xo 000 0 slo d
035 |a vtls009322913 
039 9 |y 200808181202  |z mschk03 
040 |a STUSCHK1  |b slo  |c STUSCHK1  |e AACR2 
100 1 |a Mihálik, Michal 
245 1 |a Štúdium parciálnej oxidácie metánu v plynnej fáze 
260 |a Bratislava  |b STU FCHPT  |c 2008 
500 |a Obháj.: 9.6. 2008 
500 |a Zameranie: technológia organických výrob 
500 |a Študijný odbor: 5.2.18 chemické technológie 
910 |a SCHK95 
999 |c 3732  |d 3732